000 00377nam a2200145Ia 4500
008 231129s1103||||xx |||||||||||||| ||spa||
020 _a968-13-0533-7
040 _bspa
082 _a150.1 Y21L
100 _aYanker Gary D.
245 0 _aLibro completo de superación personal
260 _c1103
264 _aDiana
942 _2ddc
_cBKS
999 _c19224
_d19224